Súčasný stav a trendy v logistike na Slovensku

Slovensko sa stáva v období silnejúcej globalizácie atraktívnym miestom pre budovanie logistických centier. Výrazné zmeny možno pozorovať na strane dopytu ak aj ponuky logistických služieb. Brzdy rozvoja logistických a prepravných služieb na Slovensku, ale aj na celoeurópskej úrovni. Tri piliere, na...

Descrizione completa

Salvato in:
Dettagli Bibliografici
Autore principale: Hansenová, Heda
Altri autori: Lazový, Pavol
Natura: Capitolo di libro
Lingua:slovacco
Soggetti:
Tags: Aggiungi Tag
Nessun Tag, puoi essere il primo ad aggiungerne!!

MARC

LEADER 00000naa$a2200000$$$4500
001 0091230
005 20240502072022.5
041 0 |a slo 
044 |a SK 
245 1 0 |a Súčasný stav a trendy v logistike na Slovensku  |c Heda Hansenová, Pavol Lazový 
520 |a Slovensko sa stáva v období silnejúcej globalizácie atraktívnym miestom pre budovanie logistických centier. Výrazné zmeny možno pozorovať na strane dopytu ak aj ponuky logistických služieb. Brzdy rozvoja logistických a prepravných služieb na Slovensku, ale aj na celoeurópskej úrovni. Tri piliere, na ktorých je postavená logistika na Slovensku. Logistika a automobilový priemysel na Slovensku. Ceny priemyselných a logistických pozemkov a výška nájmu v logistických centrách (SR, ČR, Bulharsko, Rumunsko). 
610 2 0 |a logistika obchodná 
610 2 0 |a logistika distribučná 
610 2 0 |a priemysel automobilový 
610 2 0 |a pozemky 
610 2 0 |a Slovensko 
100 1 |a Hansenová, Heda 
700 1 |a Lazový, Pavol